| 000 | 00627cam a2200145ua 4500 | ||
|---|---|---|---|
| 041 |
_aeng _h |
||
| 082 |
_a334 _bMIN/RE |
||
| 110 | 1 |
_aMinistry of community development . _b _c() |
|
| 245 | _aReport of the study team on co-operative training vol-ll | ||
| 260 |
_a : _bMinistry of community development and co-operation , _c1961. |
||
| 300 | _a76 ; . | ||
| 504 | _a | ||
| 942 | _cBK | ||
| 999 |
_c12643 _d12643 |
||